Super Smash Bros. Items by Debut - Statistics

General Stats
  • This quiz has been taken 22 times
  • The average score is 33 of 96
Answer Stats
Year Game Item % Correct
1979 Galaga Boss Galaga
100%
1981 Donkey Kong Hammer
90%
1985 April 9 Soccer Soccer Ball
90%
1985 Super Mario Bros. Super Mushroom
90%
1985 Super Mario Bros. Super Star
80%
1985 Super Mario Bros. Fire Flower
70%
1985 June 18 Wrecking Crew Golden Hammer
70%
1986 June 6 Super Mario Bros. Lost Levels Poison Mushroom
70%
1996 Pokémon Red / Blue Poké Ball
70%
2007 Super Mario Galaxy Super Launch Star
70%
1992 February Super Scope 6 Super Scope
70%
2008 Super Smash Bros. Brawl Assist Trophy
60%
2003 July 11 Kirby Air Ride Dragoon Parts
60%
1986 The Legend of Zelda Heart Container
60%
1996 Pokémon Red / Blue Master Ball
60%
2011 March 27 Steel Diver Steel Diver
60%
1992 Super Mario Kart Banana Peel
50%
2011 November 18 The Legend of Zelda: Skyward Sword Beetle
50%
1989 July 27 Earthbound Beginnings Franklin Badge
50%
1985 Super Mario Bros. Green Shell
50%
1995 October 27 Panel de Pon Lip’s Stick
50%
1996 Super Mario 64 Metal Box
50%
1982 Mario Bros. POW Block
50%
1985 Super Mario Bros. Red Shell
50%
2008 Super Smash Bros. Brawl Smash Ball
50%
1996 Mario Kart 64 Spiny Shell
50%
1993 March 23 Kirby’s Adventure Star Rod
50%
1984 November 22 Clu-Clu Land Unira
50%
1999 Super Smash Bros. Crate
40%
2012 Kid Icarus: Uprising Daybreak Parts
40%
1998 The Legend of Zelda: Ocarina of Time Deku Nut
40%
1990 April 20 Fire Emblem: Shadow Dragon and the Blade of Light Killing Edge
40%
1992 April 27 Kirby’s Dreamland Maxim Tomato
40%
1994 August 27 Earthbound Mr. Saturn
40%
2012 Kid Icarus: Uprising Ore Club
40%
1986 Metroid Screw Attack
40%
1981 Donkey Kong Spring
40%
1992 April 27 Kirby’s Dreamland Warp Star
40%
2018 Super Smash Bros. Ultimate Banana Gun
30%
1999 Super Smash Bros. Barrel
30%
2001 April 14 Animal Crossing Beehive
30%
1987 July Doki Doki Panic Bob-omb
30%
1999 Super Smash Bros. Bumper
30%
1999 Super Smash Bros. Capsule
30%
1986 September 26 Castlevania Death’s Scythe
30%
1986 The Legend of Zelda Fairy Bottle
30%
2018 Super Smash Bros. Ultimate Fake Smash Ball
30%
1999 Super Smash Bros. Fan
30%
2001 Super Smash Bros. Melee Food
30%
1982 Mario Bros. Freezie
30%
1987 July Doki Doki Panic Grass
30%
2011 November 18 The Legend of Zelda: Skyward Sword Gust Bellows
30%
2018 Super Smash Bros. Ultimate Healing Field
30%
1992 Super Mario Kart Lightning
30%
1999 Super Smash Bros. Ray Blaster
30%
1993 February 23 Star Fox Smart Bomb
30%
2012 Kid Icarus: Uprising Staff
30%
1988 Super Mario Bros. 3 Super Leaf
30%
1999 Super Smash Bros. Beam Sword
20%
2018 Super Smash Bros. Ultimate Beastball
20%
1998 The Legend of Zelda: Ocarina of Time Bombchu
20%
1985 Super Mario Bros. Bullet Bill
20%
2000 May 22 Perfect Dark Cloaking Device
20%
1991 November 21 The Legend of Zelda: A Link to the Past Cucco
20%
1985 Super Mario Bros. Fire Bar
20%
1984 September Balloon Fight Flipper
20%
2018 Super Smash Bros. Ultimate Healing Sprout
20%
2001 October 26 Pikmin Hocotate Bomb
20%
2001 April 14 Animal Crossing Pitfall
20%
1994 August 27 Earthbound Ramblin’ Evil Mushroom
20%
1990 December 21 Pilotwings Rocket Belt
20%
2001 Super Smash Bros. Melee Sandbag
20%
1992 April 27 Kirby’s Dreamland Superspicy Curry
20%
2012 Kid Icarus: Uprising Back Shield
10%
1994 November 18 Donkey Kong Country Barrel Cannon
10%
2008 Super Smash Bros. Brawl Blast Box
10%
1993 March 23 Kirby’s Adventure Bomber
10%
1988 Super Mario Bros. 3 Boomerang
10%
1998 The Legend of Zelda: Ocarina of Time Bunny Hood
10%
2008 Super Smash Bros. Brawl Cracker Launcher
10%
2014 Super Smash Bros. for 3DS / WiiU Drill
10%
2008 Super Smash Bros. Brawl Gooey Bomb
10%
1999 Super Smash Bros. Home-Run Bat
10%
1990 November 21 Super Mario World Hothead
10%
2012 Kid Icarus: Uprising Killer Eye
10%
1999 Super Smash Bros. Motion-Sensor Bomb
10%
1992 April 27 Kirby’s Dreamland Parasol
10%
1996 March 26 Kirby Superstar Party Ball
10%
2008 Super Smash Bros. Brawl Rolling Crate
10%
2008 Super Smash Bros. Brawl Smoke Ball
10%
1980 Rally-X Special Flag
10%
2008 Super Smash Bros. Brawl Team Healer
10%
2012 Kid Icarus: Uprising X Bomb
10%
2018 Super Smash Bros. Ultimate Black Hole
0%
2018 Super Smash Bros. Ultimate Rage Blaster
0%
2008 Super Smash Bros. Brawl Timer
0%
No matching quizzes found
Score Distribution
Percent of People with Each Score
Percentile by Number Answered
Your Score History
You have not taken this quiz